Nužen li nam marketing?

V informačnej ére je hlavným zdrojom nadhodnoty nadbytočná inžinierska práca a riadiaca práca včítane marketingu. V postindustriálnej spoločnosti treba dokonale poznať trh, spotrebiteľa, výrobky, konkurentov, dodávať novú a vysokú kvalitu na úrovni "výroby svetovej triedy" a to je možné len na zákla...

Full description

Saved in:
Bibliographic Details
Main Author: Chruckij, V.
Format: Book Chapter
Language:Russian
Subjects:
Tags: Add Tag
No Tags, Be the first to tag this record!

MARC

LEADER 00000naa a2200000 4500
001 r004633
005 20221130102917.7
041 0 |a rus 
044 |a [SU] 
245 1 0 |a Nužen li nam marketing?  |c V. Chruckij 
520 |a V informačnej ére je hlavným zdrojom nadhodnoty nadbytočná inžinierska práca a riadiaca práca včítane marketingu. V postindustriálnej spoločnosti treba dokonale poznať trh, spotrebiteľa, výrobky, konkurentov, dodávať novú a vysokú kvalitu na úrovni "výroby svetovej triedy" a to je možné len na základe marketingu. Výklad dvoch druhov marketingu - orientovaného na výrobok a službu a orientovaného na spotrebiteľa a ich kombinácie v marketingu integrovanom. 
610 2 0 |a marketing 
610 2 0 |a výrobky 
610 2 0 |a služby 
610 2 0 |a hospodárstvo trhové 
100 1 |a Chruckij, V.